000 00343nam a22001217a 4500
040 _c333
082 _a333 LEE 2000 C090
100 _aNORMAN LEE
245 _aEnvironmental assessment in developing and transitional countries principles, methods and practice
260 _aPhnom Penh
_bLEE
_c2000
300 _a290p.
_bill.
_c29cm.
942 _cEK
999 _c11110
_d11110